| 000 | 00547nam a2200205Ia 4500 | ||
|---|---|---|---|
| 005 | 20260429112254.0 | ||
| 008 | 260429s9999||||xx |||||||||||||| ||und|| | ||
| 020 | _a9783662688595 | ||
| 041 | _aEnglish | ||
| 082 |
_a510 _bPER |
||
| 100 | _aPeren, Franz W. | ||
| 245 | 0 |
_aMath for business and economics : _bcompendium of essential formulas / _cFranz W. Peren |
|
| 250 | _a3rd ed. | ||
| 260 |
_aBerlin : _bSpringer, _c2024. |
||
| 300 | _axxiv, 641 p.; hb | ||
| 650 | _a Business | ||
| 650 | _a Maths | ||
| 650 | _aEconomics | ||
| 942 | _cTB | ||
| 999 |
_c53241 _d53241 |
||